ბათუმის შოთა რუსთაველის სახელმწიფო უნივერსიტეტის ბიბლიოთეკა

კოტე ხიმშიაშვილის ცხოვრება და შემოქმედება : დისერტაცია / (ბიბ.ჩანაწერი № 51967)

000 -ლიდერი
ფიქსირებული სიგრძის საკონტროლო ველი 01432nam a2200241Ia 4500
001 - საკონტროლო ნომერი
საკონტროლო ველი 18968
003 - საკონტროლო ნომრის იდენტიფიკატორი
საკონტროლო ველი GE_BSU
005 - ბოლო ოპერაციის თარიღი და დრო
საკონტროლო ველი 20220920160021.0
008 - ფიქსირებული სიგრძის მონაცემთა ელემენტები - ზოგადი ინფორმაცია
ფიქსირებული სიგრძის საკონტროლო ველი 181216s2008||||ge |||||||||||||| ||geo||
040 ## - კატალოგიზაციის წყარო
Transcribing agency GE_BSU
041 ## - ენის კოდი
Language code of text/sound track or separate title geo
080 ## - უნივერსალური ათობითი კლასიფიკაციის ინდექსი
Universal Decimal Classification number 82-09 ა-13
100 ## - მთავარი ჩანაწერი - პიროვნების სახელი
Personal name აბაშიძე, რ.
9 (RLIN) 10564
245 ## - ცნობა სათაურის შესახებ
Title კოტე ხიმშიაშვილის ცხოვრება და შემოქმედება : დისერტაცია /
Statement of responsibility, etc რ. აბაშიძე; სამეცნიერო ხელმძღვანელი რ. ჩხეიძე; ბათუმის შოთა რუსთაველის სახელმწიფო უნივერსიტეტი.
264 ## - წარმოების, გამოცემის, დისტრიბუციის და სხვა ცნობები
გამოცემის, წარმოების, დისტრიბუციის... ადგილი ბათუმი :
გამოცემის, წარმოების, დისტრიბუციის... სახელწოდება ბათუმის შოთა რუსთაველის სახ. უნ-ტი,
გამოცემის, წარმოების, დისტრიბუციის... თარიღი 2008.
300 ## - ფიზიკური აღწერა
Extent 113 გვ. ;
Other physical details 30 სმ.
653 ## - INDEX TERM--UNCONTROLLED
Uncontrolled term დისერტაცია
653 ## - INDEX TERM--UNCONTROLLED
Uncontrolled term კოტე ხიმშიაშვილის ცხოვრება და შემოქმედება
653 ## - INDEX TERM--UNCONTROLLED
Uncontrolled term ლიტმცოდნეობა
700 ## - ADDED ENTRY--PERSONAL NAME
Personal name ჩხეიძე, რ.
Relator term სამეცნიერო ხელმძღვანელი
9 (RLIN) 10565
710 ## - ADDED ENTRY--CORPORATE NAME
Corporate name or jurisdiction name as entry element ბათუმის შოთა რუსთაველის სახელმწიფო უნივერსიტეტი
9 (RLIN) 10566
942 ## - ADDED ENTRY ELEMENTS (KOHA)
Koha item type წიგნი
Source of classification or shelving scheme
ეგზემპლარები
ჩამოწერის სტატუსი დაკარგული ეგზემპლარის სტატუსი კლასიფიკაციის წყარო ან თაროზე გაწყობის სქემა დაზიანების სტატუსი არ გაიცემა მუდმივი მდებარეობა (დაცვის ადგილი) ამჟამინდელი ადგილსამყოფელი თაროზე განთავსების ადგილი შეძენის თარიღი სრული შენახვის შიფრი შტრიხკოდი ბოლო ოპერაციის თარიღი ეგზემპლარის მიმდევრობითი ნომერი (კეტერი?) ფასის ძალაში შესვლის თარიღი ეგზემპლარის სახეობა
          ბათუმის შოთა რუსთაველის სახელმწიფო უნივერსიტეტის მთავარი ბიბლიოთეკა ბათუმის შოთა რუსთაველის სახელმწიფო უნივერსიტეტის მთავარი ბიბლიოთეკა წიგნსაცავი 2018-12-17 82-09 ა-13 45 დისერტ. 2018-12-17 45 2018-12-17 დისერტაცია